00555nam a2200169 a 450000100100000000500170001000800410002704000250006808200180009310000180011124501110012926000360024030000210027665000300029765000200032770000380034700003478320200930073912.0111019s1959 ag 000 0 spa d aDO-SdBNPbspacBNPHU a146.32bT772f1 aTran-Duc-Thao10aFenomenología y materialismo dialéctico /cTran-Duc-Thao ; traducción y prólogo Raúl Sciarretta. aBuenos Aires :bLautaro,c1959. a312 p. ;c20 cm. 4aMaterialismo dialéctico 4aFenomenología12aSciarretta, Raúl,etr., pról.